000 00307 a2200145 4500
001 61357
020 _a9783126757515
040 _cAnchieta - Pituba
240 1 0 _aWir
_lpor
245 1 0 _aWir
300 _a95
362 0 _a2012
650 4 _aLínguas germânicas (teutônicas) língua alemã
942 _cBK
999 _c61357
_d61357